000 00613nam a22001457a 4500
020 _a1-84255-088-8
082 _a823
_bGAR/B
100 _aGARDNER, SALLY
245 _aTHE BOY WITH THE MAGIC NUMBERS
260 _aLONDON
_bORION CHILDRENS BOOKS
_c2003
300 _a120
520 _aWhen Billy Pickles' dad leaves home to live in New York, he gives Billy a moneybox. Billy's not sure where to put in the money, and not sure why his dad has left. Then Billy goes to New York to visit his father and his Italian grandmother, and discovers the secret of his magic moneybox.
650 _aSHORT STORY
942 _cBK
999 _c6067
_d6067